| 000 | 00952nam0a22002291 4500 | ||
|---|---|---|---|
| 001 | rc\1048434 | ||
| 005 | 20260407135109.0 | ||
| 035 | _a(NLR Aleph) 006210112 | ||
| 090 |
_a6359262 _c6359262 |
||
| 100 | _a20041129d1981 |||y0rusy50 ca | ||
| 101 | 0 | _arus | |
| 102 | _aRU | ||
| 105 | _ay ||||||||| | ||
| 200 | 1 |
_aРекомендации по защите окружающей среды при сооружении морских трубопроводов _fМ-во стр-ва предприятий нефт. и газовой пром-сти, ВНИИ по стр-ву магистр. трубопроводов ВНИИСТ |
|
| 210 |
_aМ. _cВНИИСТ _d1981 |
||
| 215 |
_a18 с. _d20 |
||
| 712 | 0 | 2 |
_aВНИИ по строительству магистральных трубопроводов _3RU\NLR\AUTH\8810003598 _9504477 |
| 801 | 0 |
_aRU _bNLR _gpsbo |
|
| 801 | 1 |
_aRU _bELAR _2rusmarc |
|
| 852 |
_aNLR _j82-4/15029 |
||
| 942 | _cBOOK | ||
| 980 | _aNB | ||